| 000 | 004530000a22001810004500 | ||
|---|---|---|---|
| 003 | MACL | ||
| 005 | 20150702161301.0 | ||
| 008 | 150702b xxu||||| |||| 00| 0 eng d | ||
| 040 |
_aMACL _cMACL |
||
| 041 | _aEnglish | ||
| 082 | _a300/ATA | ||
| 100 |
_aAtal, Yogesh _9363 |
||
| 245 | _aCulture, Development Interface | ||
| 260 |
_bNew Delhi _cVikas Publishing House Pvt. Ltd. _a1991 |
||
| 350 | _a225 | ||
| 650 |
_aSociology _919 |
||
| 942 |
_cBK _k300 _2ddc |
||
| 999 |
_c4517 _d4517 |
||